[Event "Badalona op-B 40th"]
[Site "Badalona"]
[Date "2014.08.09"]
[Round "8"]
[White "Baltasar Diaz, Vicente"]
[Black "Malassagne, Gabriel"]
[Result "1-0"]
[WhiteElo "1932"]
[BlackElo "1734"]
[PlyCount "105"]
[EventDate "2014.08.02"]
[EventType "swiss"]
[EventRounds "9"]
[EventCountry "ESP"]
[SourceTitle "EXT 2015"]
[Source "ChessBase"]
[SourceDate "2014.11.20"]
[SourceVersion "1"]
[SourceVersionDate "2014.11.20"]
[SourceQuality "1"]

1. e4 c5 2. Nf3 Nc6 3. d4 cxd4 4. Nxd4 e5 5. Nb3 Nf6 6. Nc3 Bb4 7. Bg5 Na5 8. Qf3 h6 9. Bxf6 Qxf6 10. Qxf6 gxf6 11. 0-0-0 Bxc3 12. bxc3 Nxb3+ 13. cxb3 Ke7 14. Bc4 Rg8 15. g3 d6 16. Rd3 Be6 17. Bd5 Bxd5 18. Rxd5 Rac8 19. c4 Rc5 20. Rhd1 Rxd5 21. Rxd5 Rc8 22. Kd2 Ke6 23. g4 Rc6 24. Ke3 Ra6 25. a4 Rb6 26. Rb5 Rxb5 27. axb5 Kd7 28. Kf3 Ke7 29. Kg3 Kf8 30. f4 Kg7 31. h4 Kg6 32. Kf3 h5 33. gxh5+ Kxh5 34. Kg3 b6 35. fxe5 fxe5 36. Kh3 Kh6 37. Kg4 Kg6 38. h5+ Kh6 39. Kh4 f5 40. exf5 e4 41. f6 e3 42. f7 Kg7 43. Kg3 e2 44. Kf2 e1Q+ 45. Kxe1 Kxf7 46. Kd2 Kg7 47. Kd3 Kh6 48. Kd4 Kxh5 49. Kd5 Kg5 50. Kxd6 Kf6 51. Kc7 Ke6 52. Kb7 Kd6 53. b4 1-0

[Event "Badalona op-B 40th"]
[Site "Badalona"]
[Date "2014.08.05"]
[Round "4"]
[White "Palacios Pena, Gerardo"]
[Black "Malassagne, Gabriel"]
[Result "1-0"]
[WhiteElo "1993"]
[BlackElo "1734"]
[PlyCount "117"]
[EventDate "2014.08.02"]
[EventType "swiss"]
[EventRounds "9"]
[EventCountry "ESP"]
[SourceTitle "EXT 2015"]
[Source "ChessBase"]
[SourceDate "2014.11.20"]
[SourceVersion "1"]
[SourceVersionDate "2014.11.20"]
[SourceQuality "1"]

1. d4 Nf6 2. Nf3 g6 3. c3 Bg7 4. Bf4 0-0 5. Nbd2 d5 6. e3 b6 7. Be2 Bb7 8. h3 c5 9. 0-0 Nc6 10. Ne5 Nd7 11. Nxd7 Qxd7 12. Nf3 f6 13. Qa4 e5 14. dxe5 fxe5 15. Bg3 e4 16. Nh2 Ne5 17. Qxd7 Nxd7 18. Rad1 Rf7 19. Bg4 Nf6 20. Be6 Re8 21. Bxf7+ Kxf7 22. Ng4 Nxg4 23. hxg4 Ba6 24. Rfe1 Bc4 25. Rd2 a5 26. a3 a4 27. Red1 Be5 28. Bxe5 Rxe5 29. Kh2 Ke6 30. Kg3 Kf6 31. Rh1 Re7 32. Kf4 g5+ 33. Kg3 Kg6 34. Re1 b5 35. f3 Re8 36. fxe4 Rxe4 37. Kf3 Bb3 38. Rf1 Re7 39. Rdf2 Bc4 40. Rh1 Rf7+ 41. Kg3 Re7 42. Re1 Rb7 43. e4 Re7 44. e5 Re6 45. Rf8 d4 46. cxd4 cxd4 47. Rd8 d3 48. Kf3 Kf7 49. Ke4 Ke7 50. Rd4 Rh6 51. Kf5 Rg6 52. Rh1 Rg7 53. Rh6 Ba2 54. e6 Bb1 55. Ke5 Ke8 56. Kf6 Rc7 57. Rh1 Bc2 58. g3 Rc6 59. Rxh7 1-0

[Event "FRA-chT U20"]
[Site "Marseille"]
[Date "2013.12.08"]
[Round "?"]
[White "Djian, Lenny"]
[Black "Malassagne, Gabriel"]
[Result "1-0"]
[WhiteElo "1396"]
[BlackElo "1575"]
[PlyCount "125"]
[EventDate "2013.12.07"]
[EventType "team-match"]
[EventRounds "5"]
[EventCountry "FRA"]
[SourceTitle "EXT 2015"]
[Source "ChessBase"]
[SourceDate "2014.11.20"]
[SourceVersion "1"]
[SourceVersionDate "2014.11.20"]
[SourceQuality "1"]

1. d4 Nf6 2. c4 g6 3. Nc3 d5 4. Nf3 Bg7 5. e3 0-0 6. Be2 c5 7. 0-0 dxc4 8. Bxc4 cxd4 9. exd4 Bg4 10. d5 Qc7 11. Bb3 Rd8 12. Qe2 Nh5 13. h3 Bxf3 14. Qxf3 Na6 15. Bg5 Qe5 16. Qe3 Qxe3 17. Bxe3 Rac8 18. Rac1 Bxc3 19. bxc3 Nc5 20. Bxc5 Rxc5 21. Rfe1 Kf8 22. g3 Nf6 23. c4 Rdc8 24. Kf1 b5 25. Rc2 Nxd5 26. cxd5 Rxc2 27. Bxc2 Rxc2 28. Rb1 a6 29. a3 Rc3 30. Ra1 Rd3 31. a4 b4 32. Rb1 a5 33. Rc1 Rc3 34. Rxc3 bxc3 35. Ke2 c2 36. Kd2 c1Q+ 37. Kxc1 Ke8 38. Kc2 Kd7 39. Kc3 Kc7 40. Kc4 Kb6 41. Kd4 f6 42. f4 h6 43. g4 g5 44. f5 Kc7 45. Kc5 Kd7 46. Kb5 Kd6 47. Kxa5 Kxd5 48. Kb6 e6 49. fxe6 Kxe6 50. a5 h5 51. a6 f5 52. a7 fxg4 53. hxg4 h4 54. a8Q Ke5 55. Qc6 Kf4 56. Qc4+ Kg3 57. Qe4 h3 58. Kc5 h2 59. Qh1 Kh3 60. Kd5 Kg3 61. Ke5 Kh3 62. Kf5 Kg3 63. Kxg5 1-0

[Event "Marseille op 5th"]
[Site "Marseille"]
[Date "2012.12.27"]
[Round "3"]
[White "Kaser, Simon"]
[Black "Malassagne, Gabriel"]
[Result "1-0"]
[WhiteElo "1782"]
[BlackElo "1487"]
[PlyCount "69"]
[EventDate "2012.12.26"]
[EventType "swiss"]
[EventRounds "9"]
[EventCountry "FRA"]
[SourceTitle "EXT 2014"]
[Source "ChessBase"]
[SourceDate "2013.11.20"]
[SourceVersion "1"]
[SourceVersionDate "2013.11.20"]
[SourceQuality "1"]

1. d4 Nf6 2. c4 g6 3. Nc3 d5 4. cxd5 Nxd5 5. e4 Nxc3 6. bxc3 Bg7 7. Bc4 0-0 8. Ne2 c5 9. 0-0 Nc6 10. Be3 cxd4 11. cxd4 Qa5 12. Bd2 Qc7 13. Bc3 Rd8 14. Rc1 Qd6 15. e5 Qc7 16. Qb3 e6 17. Rfd1 b6 18. Ng3 Qe7 19. Ne4 Qh4 20. Nd6 Bf8 21. Nb5 Qg5 22. f3 Qh4 23. Nc7 Bh6 24. Be1 Qe7 25. Nxa8 Bxc1 26. Rxc1 Nxd4 27. Qb4 Qb7 28. Bh4 Re8 29. Bd3 Nxf3+ 30. gxf3 Qxf3 31. Qe4 Qxe4 32. Bxe4 Bd7 33. Rc7 Bb5 34. Rxa7 Rd8 35. Bxd8 1-0

[Event "Marseille op 5th"]
[Site "Marseille"]
[Date "2012.12.26"]
[Round "4"]
[White "Malassagne, Gabriel"]
[Black "Baroyan, Davit"]
[Result "0-1"]
[WhiteElo "1487"]
[BlackElo "1447"]
[PlyCount "112"]
[EventDate "2012.12.26"]
[EventType "swiss"]
[EventRounds "9"]
[EventCountry "FRA"]
[SourceTitle "EXT 2014"]
[Source "ChessBase"]
[SourceDate "2013.11.20"]
[SourceVersion "1"]
[SourceVersionDate "2013.11.20"]
[SourceQuality "1"]

1. e4 e5 2. Nf3 Nc6 3. Bc4 Bc5 4. c3 Nf6 5. d3 h6 6. Nbd2 d6 7. h3 Be6 8. Bb3 0-0 9. 0-0 Ne7 10. Nh4 Qd7 11. Bxe6 fxe6 12. Qb3 c6 13. Re1 Nh5 14. Nhf3 Nf4 15. d4 exd4 16. cxd4 Bb6 17. Nc4 Bd8 18. Bxf4 Rxf4 19. Qe3 Rf7 20. Qa3 Bc7 21. Qb4 b5 22. Ne3 a5 23. Qc3 Ng6 24. Rac1 Ra6 25. Re2 Nf4 26. Rd2 Nxh3+ 27. Kf1 a4 28. Rdc2 Ba5 29. Qa3 Nf4 30. e5 d5 31. Qd6 Nd3 32. Qxd7 Rxd7 33. Rxc6 Rxc6 34. Rxc6 Rc7 35. Rxc7 Bxc7 36. Nd1 b4 37. a3 Nxb2 38. Ke2 bxa3 39. Nc3 Ba5 40. Na2 Kf8 41. Nh4 g5 42. Nf3 Ke7 43. g4 Kd7 44. Nd2 Bxd2 45. Kxd2 Kc6 46. f3 Kb5 47. Kc3 Nc4 48. Kd3 Nb6 49. Kc3 Nd7 50. Nc1 Nf8 51. Nd3 a2 52. Kb2 Kc4 53. Ne1 Kxd4 54. Kxa2 Kxe5 55. Ka3 Ng6 56. Kxa4 Nh4 0-1

[Event "Marseille op 5th"]
[Site "Marseille"]
[Date "2012.12.26"]
[Round "2"]
[White "Malassagne, Gabriel"]
[Black "Bertrand, Alexandre"]
[Result "0-1"]
[WhiteElo "1487"]
[BlackElo "1744"]
[PlyCount "50"]
[EventDate "2012.12.26"]
[EventType "swiss"]
[EventRounds "9"]
[EventCountry "FRA"]
[SourceTitle "EXT 2014"]
[Source "ChessBase"]
[SourceDate "2013.11.20"]
[SourceVersion "1"]
[SourceVersionDate "2013.11.20"]
[SourceQuality "1"]

1. e4 e5 2. Nf3 Nc6 3. Bc4 Bc5 4. c3 Nf6 5. d3 d6 6. Nbd2 a6 7. 0-0 Ba7 8. h3 0-0 9. Re1 Ne7 10. Nf1 Ng6 11. Ng3 Bd7 12. Qb3 b5 13. Bd5 Nxd5 14. Qxd5 Be6 15. Qb7 Qd7 16. Kf1 Rfb8 17. Qxa6 Bb6 18. Qxa8 Rxa8 19. a3 Nf4 20. Bxf4 exf4 21. Nh5 Bxh3 22. Nxf4 Bg4 23. Ke2 f5 24. exf5 Qxf5 25. Nh3 Bxf3+ 0-1

[Event "FRA-ch op-D"]
[Site "Pau"]
[Date "2012.08.17"]
[Round "4"]
[White "Malassagne, Gabriel"]
[Black "Giua, Marie"]
[Result "1-0"]
[WhiteElo "1396"]
[BlackElo "1500"]
[PlyCount "59"]
[EventDate "2012.08.14"]
[EventType "swiss"]
[EventRounds "11"]
[EventCountry "FRA"]
[SourceTitle "EXT 2014"]
[Source "ChessBase"]
[SourceDate "2013.11.20"]
[SourceVersion "1"]
[SourceVersionDate "2013.11.20"]
[SourceQuality "1"]

1. e4 c5 2. Nc3 Nc6 3. f4 e6 4. Nf3 d6 5. Bb5 Bd7 6. Bxc6 Bxc6 7. 0-0 Be7 8. d3 Nf6 9. Qe1 Qc7 10. Qg3 Nh5 11. Qg4 g6 12. f5 exf5 13. exf5 Bd7 14. Nh4 Ng7 15. Nd5 Qd8 16. Nxe7 Qxe7 17. Bg5 h5 18. Qg3 f6 19. Rae1 Ne6 20. fxe6 Bxe6 21. Bxf6 Qd7 22. Qxg6+ Qf7 23. Rxe6+ Kf8 24. Be7+ Ke8 25. Qxf7+ Kd7 26. Rxd6+ Kc8 27. Qe6+ Kc7 28. Qd7+ Kb8 29. Ra6 bxa6 30. Bd6# 1-0